Matemáticas para administración, economía, ciencias sociales y de la vida (Registro nro. 1071)
[ vista simple ]
| 000 -LEADER | |
|---|---|
| fixed length control field | 01681 a2200301 4500 |
| 001 - CONTROL NUMBER | |
| control field | 22959 |
| 005 - DATE AND TIME OF LATEST TRANSACTION | |
| control field | 20260407155519.0 |
| 008 - FIXED-LENGTH DATA ELEMENTS--GENERAL INFORMATION | |
| fixed length control field | 260407a1997 arg spa d |
| 003 - CONTROL NUMBER IDENTIFIER | |
| control field | AR-UNSa-BCEJYS |
| 040 ## - CATALOGING SOURCE | |
| Original cataloging agency | AR-UNSa-BCEJYS |
| Language of cataloging | spa |
| Transcribing agency | AR-UNSa-BCEJYS |
| 080 ## - UNIVERSAL DECIMAL CLASSIFICATION NUMBER | |
| Universal Decimal Classification number | 510 |
| Common auxiliary subdivision | Consideraciones fundamentales y generales de las matemáticas<br/> |
| 020 ## - INTERNATIONAL STANDARD BOOK NUMBER | |
| International Standard Book Number | 968-880-963-2 |
| 041 ## - LANGUAGE CODE | |
| Language code of text/sound track or separate title | spa |
| 100 1# - MAIN ENTRY--PERSONAL NAME | |
| Personal name | Haeussler, Ernest F. |
| 245 10 - TITLE STATEMENT | |
| Title | Matemáticas para administración, economía, ciencias sociales y de la vida |
| 250 ## - EDITION STATEMENT | |
| Edition statement | 8a. ed |
| 264 #1 - PRODUCTION, PUBLICATION, DISTRIBUTION, MANUFACTURE, AND COPYRIGHT NOTICE | |
| Place of production, publication, distribution, manufacture | México : |
| Name of producer, publisher, distributor, manufacturer | Pearson Educación |
| Date of production, publication, distribution, manufacture, or copyright notice | 1997 |
| 300 ## - PHYSICAL DESCRIPTION | |
| Extent | xiii, 941 p. |
| Dimensions | 27 cm |
| 505 ## - FORMATTED CONTENTS NOTE | |
| Formatted contents note | 0. Repaso de álgebra - 1. Ecuaciones - 2. Aplicaciones de ecuaciones y desigualdades - 3. Funciones y gráficas - 4. Rectas, parábolas y sistemas - 5. Funciones exponencial y logarítmica - 6. Algebra matricial - 7. Programación lineal - 8. Matemáticas financieras - 9. Introducción a la probabilidad y a la estadística - 10. Temas adicionales de probabilidad - 11. Límites y continuidad - 12. Diferenciación - 13. Temas adicionales sobre diferenciación - 14. Trazado de curvas - 15. Aplicaciones de la diferenciación - 16. Integración - 17. Métodos y aplicaciones de la integración - 18. Variables aleatorias continuas - 19. Cálculo de varias variables<br/> |
| 590 ## - LOCAL NOTE (RLIN) | |
| Local note | niveau_biblio:m niveau_hierar:0 |
| 700 1# - ADDED ENTRY--PERSONAL NAME | |
| Personal name | Paul, Richard S. |
| 700 1# - ADDED ENTRY--PERSONAL NAME | |
| Personal name | Cera, Jose de la |
| 700 1# - ADDED ENTRY--PERSONAL NAME | |
| Personal name | Ibarra Mercado, Víctor Hugo |
| 700 1# - ADDED ENTRY--PERSONAL NAME | |
| Personal name | López Laiseca, Maria del Carmen |
| 700 1# - ADDED ENTRY--PERSONAL NAME | |
| Personal name | Vanegas Gordillo, Orlando |
| 856 41 - ELECTRONIC LOCATION AND ACCESS | |
| Uniform Resource Identifier | <a href="https://biblioeco.unsa.edu.ar/pmb/images/libros/Matem?ticas-l86613.jpg">https://biblioeco.unsa.edu.ar/pmb/images/libros/Matem?ticas-l86613.jpg</a> |
| Link text | Imagen de portada |
| Electronic format type | image/jpeg |
| 942 ## - ADDED ENTRY ELEMENTS (KOHA) | |
| Koha item type | |
| Withdrawn status | Lost status | Damaged status | Not for loan | Home library | Current library | Shelving location | Date acquired | Total checkouts | Full call number | Barcode | Date last seen | Price effective from | Koha item type |
|---|---|---|---|---|---|---|---|---|---|---|---|---|---|
| Biblioteca Prof. Eusebio Cleto del Rey | Biblioteca Prof. Eusebio Cleto del Rey | 07/04/2026 | 510 H137 8ed. | L86613 | 07/04/2026 | 07/04/2026 | Libro |